000 00856nam a2200241 a 4500
001 71600
003 BD-RJUL
005 20211209082132.0
008 170506s1952 enka b 001 0 eng d
035 _a(BD-RJUL)71816
040 _aTXA
_cTXA
_dBD-RJUL
_beng
041 _aeng
082 _223
_a621.4
_bGRT 1952
090 _aTJ255
_b.G7 1947
100 1 _aGrundy, R. H.
_9211868
245 1 4 _aThe theory and practice of heat engines :
_bincluding steam generators, reciprocating steam engines, steam turbines and internal combustion engines : a text-book for engineers and students /
_cby R. H. Grundy
260 _aLondon ;
_aNew York :
_bLongmans, Green,
_c1942 [Impression 1952].
300 _axiii, 723 p. :
_bill. ;
_c22 cm.
500 _aIncludes index.
504 _aBibliography: p. 714-715.
650 0 _aHeat-engines
_9160915
942 _2ddc
_cBK
999 _c71600
_d71600